00468 2200181 4500001002100000005001500021008004100036020002200077035001900099041000700118082000800125090001400133100002000147245005400167250000600221260003400227300002500261INLIS00000000001941320241224115708241224||||||||| | ||| |||| || |  a978-979-29-3035-1 0010-1224019413 aid0 a597 a597 CAH p0 aCahyo Saparinto00aPanduan lengkap bisnis dan budi daya lele unggul; a1 aYogyakartabAndi Offsetc2012 a220 hlm.; 16 x 23 cm